| 000 | 00349nam a2200121Ia 4500 | ||
|---|---|---|---|
| 005 | 20251222153622.0 | ||
| 008 | 251222s9999||||xx |||||||||||||| ||spa|| | ||
| 082 | _a353.3/M61 | ||
| 245 | 0 | _aLey Orgánica del Tribunal de GarantĂas Constitucionales: | |
| 250 | _a1ra. ed. | ||
| 264 | _bTalleres de la Imprenta del Ministerio de Guerra | ||
| 942 | _cLIB | ||
| 999 |
_c32011 _d32011 |
||